Best Director Match-Up Quiz Stats

 Plays Quiz Updated Mar 24, 2020

Support Sporcle.
Go Orange.
Score 0/100 Timer 10:00
1 Play Today
% Correct
٭Clint Eastwood٭
95.3%
٭Clint Eastwood٭
95.3%
٭Clint Eastwood٭
95.3%
٭Clint Eastwood٭
95.3%
٭Clint Eastwood٭
95.3%
٭Steven Spielberg٭
94.7%
٭Steven Spielberg٭
94.7%
٭Steven Spielberg٭
94.7%
٭Steven Spielberg٭
94.7%
٭Steven Spielberg٭
94.7%
٭Kevin Costner٭
93.6%
٭Kevin Costner٭
93.6%
٭Kevin Costner٭
93.6%
٭Kevin Costner٭
93.6%
٭Kevin Costner٭
93.6%
٭Kathryn Bigelow٭
85.8%
٭Kathryn Bigelow٭
85.8%
٭Kathryn Bigelow٭
85.8%
٭Kathryn Bigelow٭
85.8%
٭Kathryn Bigelow٭
85.8%
٭Ron Howard٭
78.6%
٭Ron Howard٭
78.6%
٭Ron Howard٭
78.6%
٭Ron Howard٭
78.6%
٭Ron Howard٭
78.6%
٭Elia Kazan٭
66.9%
٭Elia Kazan٭
66.9%
٭Elia Kazan٭
66.9%
٭Elia Kazan٭
66.9%
٭Elia Kazan٭
66.9%
٭Sydney Pollack٭
60.1%
٭Sydney Pollack٭
60.1%
٭Sydney Pollack٭
60.1%
٭Sydney Pollack٭
60.1%
% Correct
٭Sydney Pollack٭
60.1%
٭Anthony Minghella٭
56.8%
٭Anthony Minghella٭
56.8%
٭Anthony Minghella٭
56.8%
٭Anthony Minghella٭
56.8%
٭Anthony Minghella٭
56.8%
٭David Lean٭
56.6%
٭David Lean٭
56.6%
٭David Lean٭
56.6%
٭David Lean٭
56.6%
٭David Lean٭
56.6%
٭Michael Cimino٭
53%
٭Michael Cimino٭
53%
٭Michael Cimino٭
53%
٭Michael Cimino٭
53%
٭Michael Cimino٭
53%
٭Tom Hooper٭
52.6%
٭Tom Hooper٭
52.6%
٭Tom Hooper٭
52.6%
٭Tom Hooper٭
52.6%
٭Tom Hooper٭
52.6%
٭Bernardo Bertolucci٭
51.8%
٭Bernardo Bertolucci٭
51.8%
٭Bernardo Bertolucci٭
51.8%
٭Bernardo Bertolucci٭
51.8%
٭Bernardo Bertolucci٭
51.8%
٭Billy Wilder٭
51.7%
٭Billy Wilder٭
51.7%
٭Billy Wilder٭
51.7%
٭Billy Wilder٭
51.7%
٭Billy Wilder٭
51.7%
٭William Friedkin٭
50.9%
٭William Friedkin٭
50.9%
٭William Friedkin٭
50.9%
% Correct
٭William Friedkin٭
50.9%
٭William Friedkin٭
50.9%
٭John Ford٭
49.9%
٭John Ford٭
49.9%
٭John Ford٭
49.9%
٭John Ford٭
49.9%
٭John Ford٭
49.9%
٭James Brooks٭
48.1%
٭James Brooks٭
48.1%
٭James Brooks٭
48.1%
٭James Brooks٭
48.1%
٭James Brooks٭
48.1%
٭George Cukor٭
46.2%
٭George Cukor٭
46.2%
٭George Cukor٭
46.2%
٭George Cukor٭
46.2%
٭George Cukor٭
46.2%
٭Robert Wise٭
44.3%
٭Robert Wise٭
44.3%
٭Robert Wise٭
44.3%
٭Robert Wise٭
44.3%
٭Robert Wise٭
44.3%
٭Robert Benton٭
42.2%
٭Robert Benton٭
42.2%
٭Robert Benton٭
42.2%
٭Robert Benton٭
42.2%
٭Robert Benton٭
42.2%
٭Leo McCarey٭
37.9%
٭Leo McCarey٭
37.9%
٭Leo McCarey٭
37.9%
٭Leo McCarey٭
37.9%
٭Leo McCarey٭
37.9%

You're not logged in!

Compare scores with friends on all Sporcle quizzes.
OR
Log In

From the Vault

European Capitals by First and Last Two Letters

by beforever

The edges of the words are the crispiest bits.
Remove Ads.
Support Sporcle.
Get the best of Sporcle when you Go Orange. This ad-free experience offers more features, more stats, and more fun while also helping to support Sporcle. Thank you for becoming a member.

Show Comments

Extras

Top Quizzes Today


Score Distribution

Your Account Isn't Verified!

In order to create a playlist on Sporcle, you need to verify the email address you used during registration. Go to your Sporcle Settings to finish the process.

Report this User

Report this user for behavior that violates our Community Guidelines.

Details: